000 00513ntaaa2200193 4500
003 01
005 20251027202909.0
008 0714s1973 ag 01
040 _aAR-BaBN
_bspa
_cAR-BaBN
_eaacr
_dRIC
082 _a922.8000 F67n
100 _aFly, Claude
_929417
245 _aNo hope but God
250 _a1 ed.
260 _aNew York :
_bHawthorn Books,
_c1973
300 _a220 p
500 _aEl autor relata su experiencia como cautivo de los tupamaros en Uruguay
650 _avida cristiana
942 _cBK
999 _c24247
_d24247